00362nam a2200121Ia 4500003000400000005001700004008004100021040001800062041000800080100004500088245007200133260003500205OSt20260226101137.0211028s2019 xx 000 0 und d cAIMIT LIBRARY aeng aKumar H B, Manoj; Thomas, Babu.g1716102 aStudy on quality of service delivery in Big Bazar Bejai Mangalore / aMangalorebRowena Wrightc2019